Cold war history Quiz - Statistics

General Stats
  • This quiz has been taken 187 times
  • The average score is 16 of 22
Answer Stats
Question Answer % Correct
What was the Acronym title of the Soviet Union? USSR
95%
Which country led by Mao Zedong overthrew their monarchy and became a communist state, and still is to this day? China
90%
Who was the Soviet leader at the start of the cold war? Joseph Stalin
90%
Which alliance was created to overcome the Soviet Union? NATO
90%
Which country was split up into 2 from 1949 - 1990? Germany
86%
What alliance was created to overcome the west? Warsaw Pact
85%
American Spy agency? CIA
83%
Which US president became the first to visit the Berlin wall and made a passionate speech? John F. Kennedy
83%
Who was the US president at the start of the cold war? Harry Truman
82%
How many countries were part of the soviet union? 15
79%
Who was the US president when the cold war ended? George W Bush
78%
Soviet spy agency name? KGB
77%
Who was the Soviet leader when the cold war ended? Mikhail Gorbachev
77%
Name of the nuclear powerplant that exploded in 1986? Chernobyl
76%
Which event during the cold war in Cuba almost triggered WW3? Cuban missile crisis
74%
Which US president became the first to visit Moscow? Richard Nixon
72%
Leader of the soviet party in North Korea? (1948 - 1994) Kim Il Sung
71%
Leader of the Soviet party in Vietnam? (1945 - 1969) Ho Chi Minh
65%
Leader of the Soviet party in Cambodia? (1975 - 1979) Pol Pot
61%
Which war did Lyndon B Johnson get involved with against soviet forces? Vietnam war
46%
Which West African country decided to leave the west's support for building the Volta dam, and went with the soviets? Ghana
23%
Name of the Ethiopian soviet leader from 1987 - 1991? Mengistu Haile Mariam
6%
No matching quizzes found
Score Distribution
Percent of People with Each Score
Percentile by Number Answered
Your Score History
You have not taken this quiz